Block rubber industry in India:Prospects and challenges (Record no. 54877)

MARC details
000 -LEADER
fixed length control field 00538nam a2200133Ia 4500
100 ## - MAIN ENTRY--AUTHOR NAME
Personal name Abraham K K
245 #0 - TITLE STATEMENT
Title Block rubber industry in India:Prospects and challenges
260 ## - PUBLICATION, DISTRIBUTION, ETC. (IMPRINT)
Name of publisher Resurgent-Natural Rubber: Conference on Enhancing Competitiveness of the Rubber Industry and Thought Leadership in Development of Rubber Sector in Kerala, Kochi 19-20 December, 2003: Souvenir
300 ## - PHYSICAL DESCRIPTION
Number of Pages 61-63
650 ## - SUBJECT ADDED ENTRY--TOPICAL TERM
Topical Term Hevea crumb factory
650 ## - SUBJECT ADDED ENTRY--TOPICAL TERM
Topical Term Technically specified rubber
942 ## - ADDED ENTRY ELEMENTS (KOHA)
Koha item type Journals
Holdings
Withdrawn status Lost status Damaged status Not for loan Home library Current library Shelving location Date acquired Koha item type
      Journals RRII Library RRII Library Agricultural economics 17/12/2021 Journals